Power and Choice: An Introduction to Political Science
Known for its comparative approach and its strong balance between theory and practical real-world examples, POWER AND CHOICE continues as a best-seller, offering a brief but rich introduction to Political Science. Organized topically, this text maintains its use of extended examples of appropriate c...
שמור ב:
| מחבר ראשי: | |
|---|---|
| פורמט: | ספר |
| שפה: | Undetermined |
| יצא לאור: |
Boston
McGraw-Hill
2005
|
| נושאים: | |
| תגים: |
הוספת תג
אין תגיות, היה/י הראשונ/ה לתייג את הרשומה!
|
| Thư viện lưu trữ: | Trung tâm Học liệu Trường Đại học Cần Thơ |
|---|
| LEADER | 01221nam a2200217Ia 4500 | ||
|---|---|---|---|
| 001 | CTU_136277 | ||
| 008 | 210402s9999 xx 000 0 und d | ||
| 020 | |c 93.40 | ||
| 082 | |a 320.22 | ||
| 082 | |b S556 | ||
| 100 | |a Shively, W. Phillips | ||
| 245 | 0 | |a Power and Choice: | |
| 245 | 3 | |b An Introduction to Political Science | |
| 245 | 0 | |c W. Phillips Shively | |
| 260 | |a Boston | ||
| 260 | |b McGraw-Hill | ||
| 260 | |c 2005 | ||
| 520 | |a Known for its comparative approach and its strong balance between theory and practical real-world examples, POWER AND CHOICE continues as a best-seller, offering a brief but rich introduction to Political Science. Organized topically, this text maintains its use of extended examples of appropriate countries and its strong underlying theme: the contrasting purpose of political institutions as a means to acquire power versus its use as a means to exercise public choice. POWER AND CHOICE serves especially well where instructors wish to use a core text supplemented with additional readers, handouts, or other classroom materials. | ||
| 650 | |a Political science,Khoa học Chính trị | ||
| 904 | |i Hạ Nguyên | ||
| 980 | |a Trung tâm Học liệu Trường Đại học Cần Thơ | ||